The evolving bargain : strategic implications of deregulation and privatization (Record no. 396684)

MARC details
000 -LEADER
fixed length control field 00713nam a2200217Ia 4500
008 - FIXED-LENGTH DATA ELEMENTS--GENERAL INFORMATION
fixed length control field 191130s2000##################000#0#eng##
020 ## - INTERNATIONAL STANDARD BOOK NUMBER
ISBN 9780875849010
082 ## - DEWEY DECIMAL CLASSIFICATION NUMBER
Classification number 338.9 EMM
100 ## - MAIN ENTRY--AUTHOR NAME
Personal name Emmons, Willis
245 ## - TITLE STATEMENT
Title The evolving bargain : strategic implications of deregulation and privatization
Statement of responsibility, etc Willis Emmons
260 ## - PUBLICATION, DISTRIBUTION, ETC. (IMPRINT)
Place of publication Boston, MA
Name of publisher Harvard Business School
Year of publication 2000
300 ## - PHYSICAL DESCRIPTION
Number of Pages xii, 259 p. : ill. ; 24 cm
500 ## - GENERAL NOTE
General note Includes bibliographical references (p. 243-247) and index
650 ## - SUBJECT ADDED ENTRY--TOPICAL TERM
Topical Term Deregulation
Topical Term Industrial policy
Topical Term Privatization
991 ## -
-- 202910

No items available.

Find us on the map